000 00217nam a2200121Ia 4500
100 _a#N/A
650 _aComputer/ IT
942 _cBK
654 _awind
245 _aWIND RIVER
260 _b#N/A
546 _aENGLISH
999 _c19926
_d19926